Kadambari kathasaravu (Record no. 147280)
[ view plain ]
| 000 -LEADER | |
|---|---|
| fixed length control field | 00577nam a2200205Ia 4500 |
| 003 - CONTROL NUMBER IDENTIFIER | |
| control field | OSt |
| 005 - DATE AND TIME OF LATEST TRANSACTION | |
| control field | 20260102115838.0 |
| 008 - FIXED-LENGTH DATA ELEMENTS--GENERAL INFORMATION | |
| fixed length control field | 210210b1927 xxu||||| |||| 00| 0 eng d |
| 040 ## - CATALOGING SOURCE | |
| Transcribing agency | AL |
| 041 ## - LANGUAGE CODE | |
| Language code of text/sound track or separate title | Kannada |
| 082 ## - DEWEY DECIMAL CLASSIFICATION NUMBER | |
| Classification number | 859/1977 |
| 100 ## - MAIN ENTRY--PERSONAL NAME | |
| Personal name | SHIVARAMAYYA (I) |
| Dates associated with a name | ಶಿವರಾಮಯ್ಯ (ಐ) |
| 9 (RLIN) | 249924 |
| 245 ## - TITLE STATEMENT | |
| Title | Kadambari kathasaravu |
| Remainder of title | ಕಾದಂಬರಿ ಕಥಾಸಾರವು |
| 260 ## - PUBLICATION, DISTRIBUTION, ETC. | |
| Place of publication, distribution, etc. | MangaLUru |
| Name of publisher, distributor, etc. | - |
| Date of publication, distribution, etc. | 1927 |
| 650 ## - SUBJECT ADDED ENTRY--TOPICAL TERM | |
| Topical term or geographic name entry element | kathAsAravu |
| 9 (RLIN) | 249925 |
| 650 ## - SUBJECT ADDED ENTRY--TOPICAL TERM | |
| Topical term or geographic name entry element | KAdambari |
| 9 (RLIN) | 249926 |
| 690 ## - LOCAL SUBJECT ADDED ENTRY--TOPICAL TERM (OCLC, RLIN) | |
| Topical term or geographic name as entry element | Kannada Fiction |
| 9 (RLIN) | 249927 |
| 906 ## - LOCAL DATA ELEMENT F, LDF (RLIN) | |
| a | 022694 |
| 942 ## - ADDED ENTRY ELEMENTS (KOHA) | |
| Source of classification or shelving scheme | Dewey Decimal Classification |
| Koha item type | Book |
| Withdrawn status | Lost status | Source of classification or shelving scheme | Damaged status | Not for loan | Collection code | Home library | Current library | Shelving location | Date acquired | Cost, normal purchase price | Total Checkouts | Full call number | Barcode | Date last seen | Price effective from | Koha item type |
|---|---|---|---|---|---|---|---|---|---|---|---|---|---|---|---|---|
| Dewey Decimal Classification | Kannada | St Aloysius Library | St Aloysius Library | 02/17/2021 | 0.00 | 859/1977 | 022694 | 02/17/2021 | 02/17/2021 | Book |